Sacrifice: and other plays. (Record no. 214097)

MARC details
000 -LEADER
fixed length control field 00434nam a2200157Ia 4500
008 - FIXED-LENGTH DATA ELEMENTS--GENERAL INFORMATION
fixed length control field 210719s1928 xx 000 0 und d
041 ## - LANGUAGE CODE
Language code of text/sound track or separate title eng
082 ## - DEWEY DECIMAL CLASSIFICATION NUMBER
Classification number 820.22 TAGS
100 ## - MAIN ENTRY--PERSONAL NAME
Personal name TAGORE (Rabindranath)
245 ## - TITLE STATEMENT
Title Sacrifice: and other plays.
260 ## - PUBLICATION, DISTRIBUTION, ETC.
Place of publication, distribution, etc. London
Name of publisher, distributor, etc. Macmillan & Co. Ltd.
Date of publication, distribution, etc. 1928
300 ## - PHYSICAL DESCRIPTION
Extent v,256
Other physical details HB
365 ## - TRADE PRICE
Currency code Rs
650 ## - SUBJECT ADDED ENTRY--TOPICAL TERM
Topical term or geographic name entry element English Drama
906 ## - LOCAL DATA ELEMENT F, LDF (RLIN)
a Sanyasi Ascetic Malini Sacrifice King and the Queen
Holdings
Withdrawn status Lost status Damaged status Not for loan Collection code Home library Current library Date acquired Total Checkouts Full call number Barcode Date last seen Price effective from Koha item type
          St Aloysius Library St Aloysius Library 11/16/2006   820.22 TAGS D02708 07/19/2021 07/19/2021 Donated Books